000
00264nam a2200109Ia 4500
008
210430s9999 xx 000 0 und d
082
_a
A617S 491.439642
100
_a
Abid Ansari
245
_a
Sukhan sukhan Suraj
_c
Abid Ansari
300
_a
128
942
_c
BK
_2
ddc
999
_c
565329
_d
565329